Logo Quiz #1 - marki samochodów - Statystyki

Ogólne statystyki
  • Ten quiz został rozwiązany 202 razy
  • Średni wynik to 18 z 20
Statystyki odpowiedzi
Obrazkowy Odpowiedź % Poprawnych
Ford
100%
Audi
99%
BMW
99%
Toyota
99%
Honda
98%
Opel
98%
Škoda
98%
Kia
95%
Porsche
94%
Seat
94%
Mazda
93%
Lexus
91%
Fiat
90%
Citroën
89%
Jeep
89%
Ferrari
88%
Renault
84%
Suzuki
84%
Land Rover
72%
Peugeot
68%
Nie znaleziono quizów pasujących do podanych kryteriów
Rozkład punktacji
Procent ludzi z każdym wynikiem
Percentyl według liczby udzielonych odpowiedzi
Twoja historia wyników
Nie rozwiązałeś tego quizu